Central Library OPAC University of Rajshahi

Social service in India : (Record no. 33941)

MARC details
000 -LEADER
fixed length control field 01032nam a22002777a 4500
001 - CONTROL NUMBER
control field 33941
003 - CONTROL NUMBER IDENTIFIER
rucl marc code BD-RjUL
005 - DATE AND TIME OF LATEST TRANSACTION
control field 20211209052101.0
008 - FIXED-LENGTH DATA ELEMENTS--GENERAL INFORMATION
fixed length control field 140512r19461939enka ab f001 0 eng d
035 ## - SYSTEM CONTROL NUMBER
System control number (BD-RjUL)34033
040 ## - CATALOGING SOURCE
Original cataloging agency DLC
Transcribing agency DLC
Language of cataloging eng
Modifying agency BD-RjUL
041 ## - LANGUAGE CODE
Language code of text/sound track or separate title eng
082 04 - DEWEY DECIMAL CLASSIFICATION NUMBER
Classification number 309.154
Author mark and year SOC 1946
245 00 - TITLE STATEMENT
Title Social service in India :
Remainder of title an introduction to some social and economic problems of the Indian people /
Statement of responsibility, etc. written by six contributors ; edited by Sir Edward Blunt.
260 ## - PUBLICATION, DISTRIBUTION, ETC. (IMPRINT)
Place of publication, distribution, etc. London :
Name of publisher, distributor, etc. His Majesty's Stationery Office,
Date of publication, distribution, etc. 1939 [Reprinted 1946]
300 ## - PHYSICAL DESCRIPTION
Pagination xxiii, 447 p. :
Illustrations ill. ;
Size 24 cm.
504 ## - BIBLIOGRAPHY, ETC. NOTE
Bibliography, etc Includes bibliographical references and index.
651 #0 - SUBJECT ADDED ENTRY--GEOGRAPHIC NAME
Geographic name India
General subdivision Social conditions.
9 (RLIN) 103145
Geographic name India
General subdivision Economic conditions.
9 (RLIN) 103146
700 1# - ADDED ENTRY--PERSONAL NAME
Personal name Blunt, Edward,
Dates associated with a name 1877-1941.
830 #0 - SERIES ADDED ENTRY--UNIFORM TITLE
Volume number/sequential designation item 07864.
830 #0 - SERIES ADDED ENTRY--UNIFORM TITLE
Uniform title SAMP early 20th-century Indian books project ;
942 ## - ADDED ENTRY ELEMENTS (KOHA)
Source of classification or shelving scheme Dewey Decimal Classification
Koha item type Books
Holdings
Lost status Source of classification or shelving scheme Damaged status Not for loan Collection code Permanent Location Current Location Shelving location Date acquired Source of acquisition Cost, normal purchase price Total Checkouts Full call number Date last seen Copy number Koha item type
  Dewey Decimal Classification   Not For Loan Non-fiction Central Library, University of Rajshahi Central Library, University of Rajshahi Reading Room 24/09/1956 Allies books 8.80   309.154 SOC 1946 12/05/2014 C-1 Books